[Event "I Memorial Andre Sartori - ALEX 2017"]
[Site "Rio de Janeiro | BRA"]
[Date "2017.07.25"]
[Round "4.6"]
[White "Rabello, David"]
[Black "Araujo, Bernardo"]
[Result "1-0"]
[WhiteElo "1835"]
[BlackElo "1539"]

1. e4 c6 2. Nf3 d5 3. Nc3 dxe4 4. Nxe4 Bf5 5. Ng3 Bg6 6. h4 h6 7. Ne5 Bh7 8.
Qh5 g6 9. Bc4 e6 10. Qe2 Nd7 11. Nxf7 Qf6 12. Nxh8 O-O-O 13. O-O Re8 14. Ne4
Qxh8 15. d3 e5 16. Be3 Kb8 17. c3 Qg7 18. b4 Be7 19. Bc5 Ngf6 20. Bxe7 Qxe7
21. Nxf6 Nxf6 22. Qf3 g5 23. hxg5 hxg5 24. Rfe1 g4 25. Qg3 Bf5 26. Qh4 Qg7 27.
Qg3 Nh5 28. Qe3 Qh7 29. Rad1 Kc8 30. d4 e4 31. d5 Rh8 32. Qxa7 Kc7 33. d6+ Kd7
34. Qxb7+ Ke8 35. Qxh7 Rxh7 36. Bd3 Nf6 37. a4 Kd7 38. Bc2 Rg7 39. b5 cxb5 40.
axb5 Nd5 {#r} 1-0

[Event "I Memorial Andre Sartori - ALEX 2017"]
[Site "Rio de Janeiro | BRA"]
[Date "2017.07.25"]
[Round "4.7"]
[White "Von Calmbach, Guilherme"]
[Black "Tiomno, Luiz Sergio"]
[Result "0-1"]
[WhiteElo "1787"]
[BlackElo "1651"]

1. e4 g6 2. c3 Bg7 3. d4 d6 4. Bc4 e6 5. Ne2 b6 6. Bf4 Bb7 7. Nd2 Nf6 8. f3
O-O 9. g4 Nc6 10. Ng3 Nd7 11. h4 h6 12. Kf2 Kh7 13. Be3 e5 14. Bd3 exd4 15.
cxd4 Nxd4 16. h5 Ne6 17. Nf5 gxf5 18. exf5 Nec5 19. Nc4 Nxd3+ 20. Qxd3 Bf6 21.
Rh3 Ne5 22. Nxe5 dxe5 23. Qc2 Qd5 24. Qc1 Rg8 25. Bxh6 Rxg4 26. Qxc7 Kxh6 27.
Rd1 Qxd1 28. fxg4 Qd5 29. Qc1+ Bg5 30. Qf1 Qd2+ 31. Qe2 Rd8 32. Qxd2 Rxd2+ 33.
Ke1 Rxb2 34. Rd3 Be4 35. Rd7 f6 36. Rxa7 b5 37. a4 Ra2 38. a5 Bd2+ 39. Kd1
Bf3# 0-1

[Event "I Memorial Andre Sartori - ALEX 2017"]
[Site "Rio de Janeiro | BRA"]
[Date "2017.07.20"]
[Round "4.8"]
[White "Labre, Diogenes"]
[Black "Da Costa, Carlos Henrique"]
[Result "1/2-1/2"]
[WhiteElo "1683"]
[BlackElo "1623"]

1. e4 e6 2. d4 d5 3. Nc3 Nf6 4. Bg5 Be7 5. e5 Nfd7 6. Bxe7 Qxe7 7. Nf3 O-O 8.
Qd2 a6 9. Be2 c5 10. dxc5 Nxc5 11. O-O Nc6 12. Qe3 b5 13. Nd4 Nxd4 14. Qxd4
Bb7 15. a3 Rfc8 16. f4 Ne4 17. Bd3 Nxc3 18. bxc3 Qc5 19. f5 Qxc3 20. Qg4 Qxe5
21. Rae1 Qd6 22. fxe6 fxe6 23. Qh5 g6 24. Bxg6 Rc7 25. Rf7 Rxf7 26. Bxf7+ Kh8
27. Rxe6 Qc5+ 28. Kh1 Qc3 29. h3 Qg7 30. Qe5 Qxe5 31. Rxe5 Rd8 32. Re7 Bc8 33.
Be6 a5 34. Bxc8 Rxc8 35. Rd7 Rc5 36. Kg1 a4 37. Kf1 Kg8 38. Ke1 Rxc2 39. Rxd5
Rxg2 40. Rxb5 Rg3 41. h4 Rxa3 42. Ra5 Ra1+ 43. Kd2 a3 44. Kc2 Rh1 45. h5 a2
46. Kb2 a1=Q+ 47. Rxa1 Rxa1 48. Kxa1 Kg7 49. Kb1 Kh6 50. Kc1 Kxh5 51. Kd1 Kh4
52. Ke1 Kg3 53. Kf1 Kh2 54. Kf2 h5 55. Kf3 h4 56. Kf2 h3 57. Kf1 Kg3 58. Kg1
{#d} 1/2-1/2

[Event "I Memorial Andre Sartori - ALEX 2017"]
[Site "Rio de Janeiro | BRA"]
[Date "2017.07.25"]
[Round "4.9"]
[White "Da Luz, Luiz Alberto"]
[Black "Rolim, Carlos"]
[Result "0-1"]
[WhiteElo "1537"]
[BlackElo "1889"]

1. d4 d5 2. Nf3 Nf6 3. Bg5 Ne4 4. Bf4 h6 5. Nbd2 Bf5 6. Nxe4 Bxe4 7. e3 e6 8.
Bd3 Bxd3 9. Qxd3 Nd7 10. O-O c6 11. c4 Be7 12. e4 dxe4 13. Qxe4 Nf6 14. Qc2
O-O 15. Rad1 Qa5 16. b3 Rad8 17. a4 c5 18. Rfe1 cxd4 19. Bd2 Bb4 20. Bxb4 Qxb4
21. Re2 Qc5 22. Re5 Qd6 23. Rxd4 Qc7 24. Re1 Rxd4 25. Nxd4 Rd8 26. Nf3 Qd6 27.
h3 Qd3 28. Qb1 Qxb1 29. Rxb1 Ne4 30. Kf1 f6 31. Re1 f5 32. g4 Kf7 33. b4 Kf6
34. a5 Rd3 35. Ng1 Rd4 36. f3 Nd2+ 37. Ke2 Nxc4 38. Rc1 Nd6 39. Rd1 Rxd1 40.
Kxd1 Ke5 41. Ne2 g5 42. Kd2 Nb5 43. Kd3 Kd5 44. f4 a6 45. gxf5 exf5 46. Ng3
Nd6 47. Nh5 Ne4 48. fxg5 hxg5 49. Ng7 f4 50. Nf5 Nf2+ 51. Ke2 Nxh3 52. Kf3 Ke5
53. Ne7 Kf6 54. Nd5+ Ke5 55. Nb6 Kf5 56. Nc4 g4+ 57. Kg2 f3+ {#R} 0-1

[Event "I Memorial Andre Sartori - ALEX 2017"]
[Site "Rio de Janeiro | BRA"]
[Date "2017.08.01"]
[Round "5.1"]
[White "Simoes, Leo"]
[Black "Pinon, Antonio"]
[Result "1-0"]
[WhiteElo "2047"]
[BlackElo "1803"]

1. b3 e5 2. Bb2 Nc6 3. e3 Nf6 4. Nf3 Bd6 5. c4 e4 6. Nd4 Nb4 7. Nf5 Bf8 8. a3
Na6 9. d4 d5 10. Ng3 Bg4 11. Qc2 c6 12. h3 Be6 13. c5 Nc7 14. Be2 g6 15. Nd2
Be7 16. f3 Qd7 17. fxe4 dxe4 18. Ngxe4 Nfd5 19. Nc4 O-O-O 20. O-O-O Kb8 21.
Bf3 Rhf8 22. Rhe1 Bf5 23. g4 Be6 24. Ned6 Bh4 25. e4 Ne7 26. Ne5 f5 27. Nxd7+
Bxd7 28. Rf1 fxe4 29. Bxe4 Ned5 30. Nc4 Rde8 31. Kb1 Nf4 32. Ne5 Be6 33. b4
Ncd5 34. Bc1 Kc8 35. Kb2 Bg8 36. b5 Bf6 37. Bxf4 Nxf4 38. Rxf4 Bd5 39. Bxd5
cxd5 {#r} 1-0

[Event "I Memorial Andre Sartori - ALEX 2017"]
[Site "Rio de Janeiro | BRA"]
[Date "2017.08.01"]
[Round "5.2"]
[White "Ribeiro Jr., Sairo"]
[Black "Lima, Juarez"]
[Result "1-0"]
[WhiteElo "1927"]
[BlackElo "1989"]

1. d4 d5 2. Nf3 Nf6 3. c4 e6 4. Bg5 Be7 5. Nc3 O-O 6. e3 b6 7. Qc2 Bb7 8. cxd5
exd5 9. Bd3 h6 10. Bh4 Nbd7 11. O-O c5 12. Bf5 Kh8 13. Rfd1 g6 14. Bxg6 fxg6
15. Qxg6 Nh7 16. Qxh6 Bxh4 17. Nxh4 Rf6 18. Qh5 Qe8 19. Qxe8+ Rxe8 20. dxc5
Nxc5 21. Nxd5 Rf7 22. Ng6+ Kg7 23. Ngf4 Kh6 24. b4 Ne6 25. Rac1 Nhg5 26. h4
Ne4 27. Nxe6 Rxe6 28. Nf4 Re5 29. f3 Ng3 30. Rd6+ Kh7 31. Kf2 Nf5 32. Rd3 Rfe7
33. e4 Nh6 34. h5 Rf7 35. g3 Ng8 36. Rdc3 Nf6 37. Rc7 Rfe7 38. Rxe7+ Rxe7 39.
g4 Bxe4 40. fxe4 Nxg4+ 41. Kf3 Ne5+ 42. Ke3 Rd7 43. Nd5 Kh6 44. Rf1 Ng4+ 45.
Kf4 Rf7+ 46. Kxg4 Rxf1 47. e5 Rg1+ 48. Kf5 Kxh5 49. e6 Kh6 50. e7 Re1 51. Kf6
a5 52. b5 a4 53. Kf7 Rf1+ 54. Nf6 Kg5 55. e8=Q Rxf6+ 56. Ke7 Rg6 57. Qxg6+
Kxg6 58. Kd6 Kf6 59. Kc6 Ke6 60. Kxb6 {#r} 1-0

[Event "I Memorial Andre Sartori - ALEX 2017"]
[Site "Rio de Janeiro | BRA"]
[Date "2017.08.01"]
[Round "5.3"]
[White "Mesquita, Jose Carlos"]
[Black "Lima, Alexandre"]
[Result "1/2-1/2"]
[WhiteElo "1962"]
[BlackElo "1886"]

1. e4 c5 2. Nf3 e6 3. Nc3 Nc6 4. Bb5 Qc7 5. O-O a6 6. Bd3 Nf6 7. Re1 d6 8. b3
b5 9. Bb2 Bb7 10. a4 b4 11. Ne2 Be7 12. Ng3 Ne5 13. Nxe5 dxe5 14. Bc4 Rd8 15.
Qe2 a5 16. Bb5+ Kf8 17. Rad1 h5 18. f3 h4 19. Nf1 Nh5 20. Ne3 Bg5 21. Qf2 Nf4
22. d3 f6 {#d} 1/2-1/2

[Event "I Memorial Andre Sartori - ALEX 2017"]
[Site "Rio de Janeiro | BRA"]
[Date "2017.08.01"]
[Round "5.5"]
[White "Cruz, Jose Carlos"]
[Black "Faraco, Pedro"]
[Result "1-0"]
[WhiteElo "1896"]
[BlackElo "1464"]

1. Nc3 Nf6 2. d4 g6 3. e4 d6 4. Bd3 Bg7 5. Nge2 e5 6. d5 O-O 7. Ng3 c6 8. h4
c5 9. h5 Bd7 10. Bg5 h6 11. Bd2 g5 12. Nf5 Bxf5 13. exf5 Re8 14. f3 Nbd7 15.
Qe2 a6 16. Ne4 Nxe4 17. fxe4 Nf6 18. c4 Qb6 19. Bc3 Reb8 20. O-O Bf8 21. b3
Be7 22. Bd2 Nh7 23. Be3 f6 24. Rfb1 a5 25. a3 Qc7 26. b4 b6 27. bxc5 bxc5 28.
Rb5 Rxb5 29. cxb5 Bd8 30. Rc1 Qb7 31. a4 Nf8 32. Bd2 Nd7 33. Qg4 Kg7 34. Rf1
Be7 35. Rf3 Qc7 36. Bxg5 fxg5 37. f6+ Nxf6 38. Qf5 Nxh5 39. Qf7+ Kh8 40. Qxh5
Bf8 41. Rf7 {#r} 1-0

[Event "I Memorial Andre Sartori - ALEX 2017"]
[Site "Rio de Janeiro | BRA"]
[Date "2017.08.01"]
[Round "5.6"]
[White "Tiomno, Luiz Sergio"]
[Black "Rabello, David"]
[Result "0-1"]
[WhiteElo "1651"]
[BlackElo "1835"]

1. g3 Nf6 2. Bg2 d5 3. Nf3 Nc6 4. d3 e5 5. b3 Bb4+ 6. c3 Bd6 7. Bb2 O-O 8.
Nbd2 Bg4 9. Nf1 Qd7 10. h3 Bxf3 11. Bxf3 e4 12. dxe4 dxe4 13. Bg2 Qe6 14. Ne3
Rad8 15. Qc2 Rfe8 16. b4 Nd5 17. Nxd5 Qxd5 18. O-O Qc4 19. a3 Nd4 20. Qb1 Nb3
21. Qa2 b5 22. Rfd1 Nxa1 23. Qxa1 e3 24. f4 Qxe2 25. c4 Qf2+ 26. Kh2 Bxf4 27.
Rxd8 Qxg3+ 28. Kg1 Rxd8 29. Qb1 Rd2 {#R} 0-1

[Event "I Memorial Andre Sartori - ALEX 2017"]
[Site "Rio de Janeiro | BRA"]
[Date "2017.08.01"]
[Round "5.7"]
[White "Araujo, Bernardo"]
[Black "Labre, Diogenes"]
[Result "0-1"]
[WhiteElo "1539"]
[BlackElo "1683"]

1. e4 e5 2. Nf3 d6 3. d4 exd4 4. Nxd4 Nf6 5. Nc3 Nc6 6. Nxc6 bxc6 7. e5 Ng4 8.
exd6 cxd6 9. Be2 Nf6 10. O-O Be7 11. Bf3 d5 12. Re1 O-O 13. Bg5 Rb8 14. Rb1
Bf5 15. a3 a5 16. Ne2 Bg6 17. Nf4 Bc5 18. Nxg6 fxg6 19. Be3 Qb6 20. Bxc5 Qxc5
21. Qd2 Rbd8 22. b4 axb4 23. axb4 Qb6 24. Re6 Ne4 25. Bxe4 dxe4 26. Qe3 Qxe3
27. fxe3 Rd2 28. Rf1 Rxf1+ 29. Kxf1 Rxc2 30. Rxe4 Kf7 31. Rf4+ Ke6 32. Rf2 Rc3
33. Ke2 g5 34. Kd2 Rc4 35. Kd3 Rxb4 36. Rc2 Kd5 37. Kc3 Rc4+ 38. Kd3 Rxc2 39.
Kxc2 Ke4 40. Kd2 c5 41. Ke2 c4 {#R} 0-1

[Event "I Memorial Andre Sartori - ALEX 2017"]
[Site "Rio de Janeiro | BRA"]
[Date "2017.08.01"]
[Round "5.8"]
[White "Da Costa, Carlos Henrique"]
[Black "Da Luz, Luiz Alberto"]
[Result "0-1"]
[WhiteElo "1623"]
[BlackElo "1537"]

1. d4 Nf6 2. Bf4 e6 3. e3 d5 4. Bd3 Bd6 5. Bxd6 Qxd6 6. f4 b6 7. c3 a5 8. Na3
O-O 9. Nf3 Ba6 10. O-O c5 11. Bxa6 Nxa6 12. Nb5 Qe7 13. Ne5 Rac8 14. a4 Nd7
15. Qe2 Nxe5 16. fxe5 c4 17. Rf3 f5 18. Raf1 Nc7 19. Nd6 Rb8 20. Qc2 b5 21.
Ra1 b4 22. Kh1 Ne8 23. cxb4 Rxb4 24. Nb5 Nc7 25. Nc3 Rfb8 26. Rb1 Rb3 27. Rff1
Na6 28. Nb5 Nb4 29. Qf2 Nd3 30. Qd2 Qg5 31. Rf3 Nb4 32. Rg3 Qh6 33. Ra1 f4 34.
Rh3 fxe3 35. Rxh6 exd2 36. Rxe6 Rxb2 37. h3 Nd3 38. Kg1 Rc2 39. Nc3 Rxc3 {#R}
0-1

[Event "I Memorial Andre Sartori - ALEX 2017"]
[Site "Rio de Janeiro | BRA"]
[Date "2017.08.01"]
[Round "5.9"]
[White "Pereira, Emmanuel"]
[Black "Von Calmbach, Guilherme"]
[Result "1-0"]
[WhiteElo "1691"]
[BlackElo "1787"]

1. d4 Nf6 2. c4 c5 3. d5 d6 4. Nc3 g6 5. e4 Nbd7 6. Nf3 Bg7 7. Be2 O-O 8. O-O
a6 9. h3 Rb8 10. a4 Re8 11. Be3 b6 12. Qd2 e6 13. Bh6 Bh8 14. Ng5 e5 15. f4
Bg7 16. Bxg7 Kxg7 17. fxe5 Rxe5 18. Qf4 h6 19. Nf3 g5 20. Qe3 Re8 21. Nh2 Qe7
22. Ng4 Nxe4 23. Qd3 Nxc3 24. Qxc3+ Ne5 25. Nf6 Rh8 26. Nh5+ Kg8 27. Rae1 g4
28. Nf6+ Kf8 29. Bxg4 Bxg4 30. Nxg4 Qg5 31. Nxe5 dxe5 32. Rxe5 Qg7 33. Qf3 Re8
34. Rf5 Qd4+ 35. Kh1 {#r} 1-0

[Event "I Memorial Andre Sartori - ALEX 2017"]
[Site "Rio de Janeiro | BRA"]
[Date "2017.08.08"]
[Round "6.1"]
[White "Ribeiro Jr., Sairo"]
[Black "Simoes, Leo"]
[Result "1-0"]
[WhiteElo "1927"]
[BlackElo "2047"]

1. d4 Nf6 2. Nf3 e6 3. Bf4 b6 4. e3 Bb7 5. Nbd2 Be7 6. h3 O-O 7. Be2 d5 8. c3
Nbd7 9. Qc2 c5 10. g4 a6 11. a4 Bc6 12. Ne5 Nxe5 13. Bxe5 Nd7 14. Nf3 b5 15.
O-O bxa4 16. Bd3 g6 17. Qe2 c4 18. Bc2 Nb6 19. Bf4 Kg7 20. Ne5 Be8 21. e4 f6
22. Nf3 g5 23. Bg3 Bg6 24. Nd2 Qd7 25. f4 f5 26. exd5 exd5 27. gxf5 Bxf5 28.
Qe5+ Kg8 29. Bxf5 Rxf5 30. Qe2 Bd6 31. Qg4 Raf8 32. h4 h5 33. Qxh5 gxf4 34.
Qg6+ Qg7 35. Qxg7+ Kxg7 36. Bh2 a3 37. bxa3 Na4 38. Rf3 Kg6 39. Kg2 Kh5 40.
Kh3 Rb8 41. Ra2 Rg8 42. Nf1 Rg4 43. Ng3+ Rxg3+ 44. Bxg3 Rf7 45. Re2 Nxc3 46.
Rxc3 fxg3 47. Re6 Rf2 48. Rxd6 g2 49. Rxd5+ {#r} 1-0

[Event "I Memorial Andre Sartori - ALEX 2017"]
[Site "Rio de Janeiro | BRA"]
[Date "2017.08.08"]
[Round "6.2"]
[White "Pinon, Antonio"]
[Black "Mesquita, Jose Carlos"]
[Result "0-1"]
[WhiteElo "1803"]
[BlackElo "1962"]

1. d4 d5 2. Bf4 c5 3. e3 Nc6 4. c3 Qb6 5. Qb3 c4 6. Qxb6 axb6 7. Nd2 Nf6 8.
Ngf3 Bf5 9. Be2 g6 10. O-O Bg7 11. Ne5 O-O 12. a4 Nxe5 13. Bxe5 Bd7 14. Bd1
Rfc8 15. Ra2 Ra5 16. Bc2 Ne8 17. Bxg7 Kxg7 18. Rb1 b5 19. b4 Ra6 20. Rba1 Rca8
21. a5 Nd6 22. f3 e6 23. Kf2 Bc6 24. e4 b6 25. Bb1 Nc8 26. Ke3 Bb7 27. Kf4
bxa5 28. Rxa5 Rxa5 29. bxa5 Ra6 30. Nf1 Na7 31. Ne3 dxe4 32. fxe4 Nc6 33. d5
e5+ 34. Kg5 h6+ 35. Kh4 Nxa5 36. Bc2 Nb3 37. Rxa6 Bxa6 38. d6 Bc8 39. Nd5 Bd7
40. Nb6 Nc5 41. Kg3 Kf6 42. Kf3 Ke6 43. Nd5 Kxd6 44. Nf6 Be6 45. Ke3 Ke7 46.
Ng8+ Kf8 47. Nf6 Kg7 48. Ne8+ Kf8 49. Nf6 Nd7 50. Nd5 Bxd5 51. exd5 Ke7 52.
Bd1 Kd6 {#R} 0-1

[Event "I Memorial Andre Sartori - ALEX 2017"]
[Site "Rio de Janeiro | BRA"]
[Date "2017.08.08"]
[Round "6.3"]
[White "Lima, Alexandre"]
[Black "Cruz, Jose Carlos"]
[Result "1/2-1/2"]
[WhiteElo "1886"]
[BlackElo "1896"]

1. d4 Nf6 2. c4 d6 3. Nf3 g6 4. g3 Bg7 5. Bg2 Nfd7 6. Qc2 e5 7. dxe5 Nxe5 8.
Nxe5 Bxe5 9. Bh6 Nd7 10. Nd2 f5 11. Nf3 Qe7 12. Nxe5 Nxe5 13. Bd2 c6 14. O-O
O-O 15. Rad1 Ng4 16. Bf4 Ne5 17. Qc1 Be6 18. b3 Nf7 19. h4 a5 20. Rd3 Ne5 21.
Bxe5 dxe5 22. Rfd1 a4 23. Qc3 e4 24. Rd6 Rfe8 25. e3 axb3 26. axb3 Rad8 27.
Qe5 Rxd6 28. Rxd6 Bf7 29. Qd4 Qe5 30. Qxe5 Rxe5 31. Rd7 b5 32. Bf1 bxc4 33.
Bxc4 Bxc4 34. bxc4 Rc5 35. Rd4 Kf7 36. Kg2 Ke6 37. f3 Ke5 38. fxe4 fxe4 39. g4
Ra5 40. Rd7 Ke6 41. Rxh7 Rc5 42. Rh6 Kf7 43. h5 gxh5 44. Rxh5 Rxc4 45. Kg3 Rc1
46. Kf4 Rc4 47. Re5 Kf6 48. g5+ Kg6 49. Re6+ Kf7 50. Rxe4 Rc1 51. Ke5 Rg1 52.
Kd6 Rxg5 53. Rf4+ Ke8 54. Kxc6 Ke7 55. Re4+ Kf6 56. Kd6 Rf5 57. Re6+ Kf7 58.
e4 Ra5 59. Re7+ Kf8 60. Rc7 Ra8 61. e5 Ra6+ 62. Kd7 Kf7 63. Rb7 Re6 64. Rb5
Ra6 65. Rb1 Ra7+ 66. Kd6 Ra6+ 67. Kd5 Ra5+ 68. Ke4 Ra2 69. Rf1+ Ke6 70. Rf6+
Ke7 71. Rf3 Ke6 72. Rf6+ Ke7 73. Rf3 Re2+ 74. Kf5 Rh2 75. Rf4 Rg2 76. Rg4 Rf2+
77. Rf4 Rh2 78. Rg4 Rh5+ 79. Rg5 Rh7 80. e6 Rh1 81. Rg7+ Ke8 82. Rf7 Rh5+ 83.
Kg6 Re5 {#d} 1/2-1/2

[Event "I Memorial Andre Sartori - ALEX 2017"]
[Site "Rio de Janeiro | BRA"]
[Date "2017.08.08"]
[Round "6.4"]
[White "Rabello, David"]
[Black "Rolim, Carlos"]
[Result "0-1"]
[WhiteElo "1835"]
[BlackElo "1889"]

1. e4 c5 2. Nf3 e6 3. d3 Nc6 4. g3 d5 5. Nbd2 Nge7 6. Bg2 g6 7. O-O Bg7 8. Re1
O-O 9. Nf1 d4 10. h4 e5 11. N1h2 Bd7 12. Bg5 f6 13. Bd2 Be6 14. Qc1 Rf7 15.
Bh6 Bh8 16. Nf1 Qd7 17. Kh2 Rc8 18. N1d2 b6 19. a4 Nd8 20. Nc4 Bxc4 21. dxc4
Qd6 22. Qd2 Ndc6 23. c3 Na5 24. Qd3 Rd8 25. Rad1 Qc6 26. cxd4 cxd4 27. b3 Nb7
28. Qc2 Nc5 29. Bf1 Nc8 30. b4 Qxa4 31. Qb2 Ne6 32. b5 a5 33. Bd2 Nc5 34. Rb1
Nd6 35. Rec1 Ndxe4 36. Be1 d3 37. Nd2 Nxd2 38. Bxd2 e4 39. Rc3 f5 40. Ra1 Bxc3
41. Qxc3 Qc2 {#R} 0-1

[Event "I Memorial Andre Sartori - ALEX 2017"]
[Site "Rio de Janeiro | BRA"]
[Date "2017.08.08"]
[Round "6.6"]
[White "Labre, Diogenes"]
[Black "Tiomno, Luiz Sergio"]
[Result "1/2-1/2"]
[WhiteElo "1683"]
[BlackElo "1651"]

1. e4 d6 2. d4 g6 3. f4 e6 4. Nf3 Bg7 5. Nc3 Ne7 6. Be3 b6 7. Bd3 Bb7 8. Qd2
h6 9. O-O-O Nd7 10. Rhf1 c6 11. g4 Qc7 12. f5 O-O-O 13. fxe6 fxe6 14. Qe2 Kb8
15. Bf4 g5 16. Bg3 e5 17. dxe5 Nxe5 18. Nxe5 Bxe5 19. Bxe5 dxe5 20. Rf7 Rd7
21. Rdf1 Ng6 22. Rxd7 Qxd7 23. Bc4 Nf4 24. Qd1 Rd8 25. Qxd7 Rxd7 26. Ne2 c5
27. Bb5 Rd8 28. Ng3 a6 29. Be2 b5 30. Bf3 Bc8 31. Nf5 Bxf5 32. exf5 b4 33. Rd1
Rd4 34. Re1 Nh3 35. Rxe5 Nf2 36. Rxc5 Nxg4 37. Bxg4 Rxg4 38. Rc6 Rg1+ 39. Kd2
Rg2+ 40. Ke3 Rxh2 41. f6 Rh1 42. Kf2 Rh4 43. Rxa6 Kb7 44. Re6 Rf4+ 45. Kg3 h5
46. Re7+ Kc6 47. Rg7 h4+ 48. Kh3 Rxf6 49. Rxg5 Rf2 50. Rg2 Rf4 51. Rg4 Rf2 52.
Rc4+ Kb5 53. b3 Rf1 54. Rxh4 Ra1 55. Rh5+ Kc6 56. Rh6+ Kc5 57. Ra6 Kd4 58. Ra4
Kc3 59. Kg3 Kxc2 60. Rxb4 Rxa2 61. Rb8 Kc3 62. b4 Kc4 63. b5 Kc5 64. b6 Kc6
65. b7 Rb2 {#d} 1/2-1/2

[Event "I Memorial Andre Sartori - ALEX 2017"]
[Site "Rio de Janeiro | BRA"]
[Date "2017.08.08"]
[Round "6.7"]
[White "Faraco, Pedro"]
[Black "Pereira, Emmanuel"]
[Result "0-1"]
[WhiteElo "1464"]
[BlackElo "1691"]

1. d4 Nf6 2. Bf4 e6 3. e3 d5 4. Nd2 Nbd7 5. Bd3 g6 6. Ngf3 Bg7 7. c3 O-O 8. h3
c5 9. Bd6 Re8 10. dxc5 a5 11. Bb5 e5 12. Qa4 Bf8 13. Bxf8 Kxf8 14. Qa3 Qe7 15.
b4 Rd8 16. O-O b6 17. Nb3 Ba6 18. Bxa6 Rxa6 19. b5 Raa8 20. Rab1 Ne4 21. Nbd2
Nexc5 22. Rfd1 Rac8 23. Nb3 Nf6 24. Nxc5 Qxc5 25. Qxc5+ Rxc5 26. Nxe5 Rxc3 27.
Nc6 Rd6 28. Rd4 Rc2 29. a4 Ne4 30. f3 Nc3 31. Re1 Ne2+ 32. Rxe2 Rxe2 33. Rd3
Ra2 34. Rd4 Re6 35. Rd3 Rxa4 36. Nd4 Re8 37. Nc2 Rc8 {#R} 0-1

[Event "I Memorial Andre Sartori - ALEX 2017"]
[Site "Rio de Janeiro | BRA"]
[Date "2017.08.08"]
[Round "6.8"]
[White "Von Calmbach, Guilherme"]
[Black "Araujo, Bernardo"]
[Result "0-1"]
[WhiteElo "1787"]
[BlackElo "1539"]

1. e4 c6 2. d4 d5 3. e5 Bf5 4. Bd3 Bxd3 5. Qxd3 e6 6. f4 c5 7. c3 cxd4 8. cxd4
Nc6 9. Nf3 Bb4+ 10. Nbd2 Qd7 11. O-O Nge7 12. Nh4 O-O-O 13. Nb3 Ng6 14. Nf3
Rde8 15. Bd2 Be7 16. Rfc1 Kb8 17. Na5 Nxa5 18. Bxa5 Rc8 19. g3 f6 20. Rc3 Qa4
21. exf6 gxf6 22. b4 Rxc3 23. Qxc3 Rc8 24. Qb3 Qxb3 25. axb3 b6 26. Bxb6 axb6
27. Re1 Bxb4 28. Rxe6 Kb7 29. Rxf6 Rc3 30. Ng5 Rxb3 31. Rf7+ Kc6 32. Rxh7 Rd3
33. Rh6 Rxd4 34. Rxg6+ Kb5 35. Ne6 Rd1+ 36. Kg2 d4 37. Rg5+ Bc5 38. Kf3 Kc4
39. Ke2 Rh1 40. Rh5 d3+ 41. Kd2 Bb4+ {#R} 0-1